000 00669nam a2200217 a 4500
001 000011158
005 20240412074223.0
008 091014s1981 dr 000 p spa d
040 _aDO-SdBNP
_bspa
_cBNPHU
082 _aRD861.44
_bS582m
100 1 _aSilén, Iván
_926667
245 1 3 _aEl miedo del pantocrata /
_cIván Silén.
260 _aSanto Domingo :
_bCentro Gráfico Unido,
_c1981.
300 _a92 p. ;
_c23 cm.
490 1 _aLuna cabeza caliente
590 _aInventariado, 2019 / DG
650 0 _aPoesía dominicana
_966
650 0 _aLiteratura dominicana.
_967
830 0 _aLuna cabeza caliente
_925200
910 _aValidado. Control de calidad MFF
999 _c10883
_d10883